Primer of epidemiology / (Record no. 1532)

MARC details
000 -LEADER
fixed length control field 01668cam a22004214a 4500
001 - CONTROL NUMBER
control field data
005 - DATE AND TIME OF LATEST TRANSACTION
control field 20260322212105.0
008 - FIXED-LENGTH DATA ELEMENTS--GENERAL INFORMATION
fixed length control field data
035 ## - SYSTEM CONTROL NUMBER
System control number 13166073
010 ## - LIBRARY OF CONGRESS CONTROL NUMBER
LC control number 2003051259
020 ## - INTERNATIONAL STANDARD BOOK NUMBER
International Standard Book Number 0071402586
Qualifying information softcover
020 ## - INTERNATIONAL STANDARD BOOK NUMBER
International Standard Book Number 9780071402583
Qualifying information (softcover)
035 ## - SYSTEM CONTROL NUMBER
System control number (DNLM)101175747
040 ## - CATALOGING SOURCE
Original cataloging agency DNLM/DLC
Transcribing agency DLC
Modifying agency DLC
042 ## - AUTHENTICATION CODE
Authentication code pcc
050 00 - LIBRARY OF CONGRESS CALL NUMBER
Classification number RA651
Item number .F68 2004
060 10 - NATIONAL LIBRARY OF MEDICINE CALL NUMBER
Classification number WA 105
Item number F911p 2004
082 00 - DEWEY DECIMAL CLASSIFICATION NUMBER
Classification number 614.4
Edition information 21
100 1# - MAIN ENTRY--PERSONAL NAME
Personal name Friedman, Gary D.,
Dates associated with a name 1934-
245 10 - TITLE STATEMENT
Title Primer of epidemiology /
Statement of responsibility, etc. Gary D. Friedman.
250 ## - EDITION STATEMENT
Edition statement 5th ed.
260 ## - PUBLICATION, DISTRIBUTION, ETC.
Place of publication, distribution, etc. New York :
Name of publisher, distributor, etc. McGraw-Hill, Medical Pub. Division,
Date of publication, distribution, etc. c2004.
300 ## - PHYSICAL DESCRIPTION
Extent x, 401 p. :
Other physical details ill. ;
Dimensions 22 cm.
336 ## - CONTENT TYPE
Content type term text
Content type code txt
Source rdacontent
337 ## - MEDIA TYPE
Media type term unmediated
Media type code n
Source rdamedia
338 ## - CARRIER TYPE
Carrier type term volume
Carrier type code nc
Source rdacarrier
504 ## - BIBLIOGRAPHY, ETC. NOTE
Bibliography, etc. note Includes bibliographical references and index.
650 #0 - SUBJECT ADDED ENTRY--TOPICAL TERM
Topical term or geographic name entry element Epidemiology.
650 12 - SUBJECT ADDED ENTRY--TOPICAL TERM
Topical term or geographic name entry element Epidemiology.
856 42 - ELECTRONIC LOCATION AND ACCESS
Materials specified Publisher description
Uniform Resource Identifier <a href="http://www.loc.gov/catdir/description/mh031/2003051259.html">http://www.loc.gov/catdir/description/mh031/2003051259.html</a>
856 41 - ELECTRONIC LOCATION AND ACCESS
Materials specified Table of contents
Uniform Resource Identifier <a href="http://www.loc.gov/catdir/toc/mh031/2003051259.html">http://www.loc.gov/catdir/toc/mh031/2003051259.html</a>
856 42 - ELECTRONIC LOCATION AND ACCESS
Materials specified Contributor biographical information
Uniform Resource Identifier <a href="http://www.loc.gov/catdir/enhancements/fy0705/2003051259-b.html">http://www.loc.gov/catdir/enhancements/fy0705/2003051259-b.html</a>
906 ## - LOCAL DATA ELEMENT F, LDF (RLIN)
a 7
b cbc
c orignew
d 1
e ocip
f 20
g y-gencatlg
925 0# -
-- acquire
-- 1 shelf copy
-- policy default
955 ## - COPY-LEVEL INFORMATION (RLIN)
-- jc15 2003-04-23
-- jc13 2003-04-23 to Dewey
-- jc03 2004-02-12
-- jc03 2004-02-12 to BCCD
985 ## -
-- NLMCIP
-- 2003-04-23
Holdings
Withdrawn status Lost status Damaged status Not for loan Home library Current library Shelving location Date acquired Total checkouts Full call number Barcode Date last seen Price effective from Koha item type
        Riverside Riverside General stacks 22/03/2026   614.4 LOC-RPL-00079 22/03/2026 22/03/2026 Books